[Event "Gatineau Aylmer CC Hiver"]
[Site "Gatineau"]
[Date "2016.02.12"]
[Round "6"]
[White "Brunet, Germain"]
[Black "Georges, Richard"]
[Result "0-1"]
[WhiteElo "1277"]
[BlackElo "1492"]
[PlyCount "64"]
[EventDate "2016.01.08"]
[EventType "swiss"]
[EventRounds "6"]
[EventCountry "CAN"]
[SourceTitle "EXT 2022"]
[Source "ChessBase"]
[SourceDate "2021.10.06"]
[SourceVersion "1"]
[SourceVersionDate "2021.10.06"]
[SourceQuality "1"]

1. e4 Nc6 2. Nc3 Nf6 3. d4 d6 4. Nf3 e6 5. d5 exd5 6. exd5 Qe7+ 7. Be3 Ne5 8. h3 a6 9. Ng5 h6 10. Nge4 Bf5 11. Ng3 Bg6 12. Bd3 Nxd3+ 13. cxd3 Qd7 14. 0-0 Be7 15. Na4 Nxd5 16. Re1 0-0 17. Ne4 f5 18. Nec3 Nxe3 19. Rxe3 b5 20. Nd5 Rae8 21. Nac3 f4 22. Qb3 Bf7 23. Re4 c6 24. Nb6 Qc7 25. Nbd5 cxd5 26. Nxd5 Qb7 27. Rd4 Kh8 28. Qb4 Bxd5 29. Qd2 Bxg2 30. a3 Bxh3 31. f3 Qxf3 32. Qh2 Bh4 0-1